Seeing Triple Quiz Stats

 Plays Quiz Updated Feb 19, 2019

Support Sporcle.
Go Orange.
Score 0/15 Timer 05:00
0 Plays Today
% Correct
Bacon, Lettuce, and Tomato
86.4%
Lions, Tigers, and Bears (Oh my!)
84.4%
Snap, Crackle, and Pop
82.3%
Stop, Drop, and Roll
76.1%
Tom, Dick, and Harry
76%
Lock, Stock, and Barrel
75.2%
Hook, Line, and Sinker
68.8%
Larry, Moe, and Curly
62.4%
% Correct
Hammer, Anvil, and Stirrup
53.6%
the Butcher, the Baker, and the Candlestick Maker
50.3%
Bell, Book, and Candle
45.2%
Sex, Drugs, and Rock and Roll
41%
Hop, Skip, and Jump
38.8%
Crosby, Stills, and Nash
34.9%
Faith, Hope, and Charity
25.2%

From the Vault

Movies at the Half-Hour Mark (2010s)

by aglick

Movies 5m
By the half hour mark you've probably decided whether or not you care about the movie.
Remove Ads.
Support Sporcle.
Get the best of Sporcle when you Go Orange. This ad-free experience offers more features, more stats, and more fun while also helping to support Sporcle. Thank you for becoming a member.

Show Comments

Extras

Top Quizzes Today


Score Distribution

Your Account Isn't Verified!

In order to create a playlist on Sporcle, you need to verify the email address you used during registration. Go to your Sporcle Settings to finish the process.

Report this User

Report this user for behavior that violates our Community Guidelines.

Details: